Список городов Сибири и Европейской России, сведения о ходе выборов гласных дум и др.

Доступно только в Электронных читальных залах Найти на картеНа карте
RUSMARC
00003479nac2a22002293x 450
0015893565e-74b2-41b1-b4cd-ffaee26e5a08
00520190226095626.0
100##$a20190110u k y0rusy50 ca
1010#$arus
102##$aRU
105##$ay z |||||
2001#$aСписок городов Сибири и Европейской России, сведения о ходе выборов гласных дум и др.
$j28 июня 1918
215##$a29 листов
251##$cДело
300##$aЛисты: 1, 3, 6-7, 15, 18, 20-21 - поврежденные
300##$aМашинописный текст
461#0$10010f0e3429-2e37-4fb4-ace0-6332d350a692
$12001
$aМинистерство внутренних дел Российского правительства. Омск
$1251
$cФонд
$1852
$j1700
$gР
462#0$100196992368-87aa-4ec8-94b8-d5a64cfcd599
$12001
$aКанцелярия министра. 1918-1919 гг.
$vД. 44
$1251
$cОпись
$1852
$j7
60102$3RU\NLR\AUTH\8810247804
$aВременное Сибирское правительство
$bМинистерство внутренних дел
801#0$aRU
$bGA_RF
801#1$aRU
$bГлавНИВЦ
$c20190110
$2rusmarc
801#2$aRU
$bПБ им. Б.Н. Ельцина
$c20190226
$gRCR
$2rusmarc
852##$aГА РФ
$j44
937##$d126141114
$hПБ
035##$aRuPRLIB51054646
856##$uhttp://readingroom.main.prlib.ru/item.aspx?id_node=n126141114&mode=full
Формат отображения